000 00412pab a2200145 454500
008 180718b2015 xxu||||| |||| 00| 0 eng d
100 _aStockemer, Daniel
245 _aWomen's descriptive representation in developed and developing countries
260 _c2015
300 _ap.393-408.
362 _aSep
650 _aWomen in politics
773 _aInternational Political Science Review
909 _a109554
999 _c109549
_d109549